000 00746nam a22002057a 4500
005 20230210121617.0
008 230126b ag ||||| |||| 00| 0 spa d
020 _a9505741715
050 0 4 _aKHA3015
_bC38 2004
100 1 _aCatucci, Silvina G.
245 1 0 _aLibertad de prensa calumnias e injurias
_b : aspecto constitucional, penal y procesal
_c / Silvina G. Catucci
250 _a1a ed.
260 _aBuenos Aires :
_bEdiar Sociedad Anónima :
_bEditora Comercial, Industrial y Financiera,
_c2004
300 _a473 p. ;
_c22 cm.
504 _aIncluye apéndice, bibliografía : p. 425-430 e índice
506 _aRec. Esc.
650 7 _2lemb
_aLibertad de prensa
_zArgentina
650 7 _2lemb
_aDifamación
_zArgentina
942 _2lcc
_cLIB
999 _c139785
_d139783